♦ Alola's 81 Pokemon [Sun & Moon] ♦ [ENG] - Statistics

General Stats
  • This quiz has been taken 85 times
    78 since last reset
  • The average score is 37 of 80
Answer Stats
Hint Answer % Correct
725 Litten
87%
723 Dartrix
83%
724 Decidueye
83%
727 Incineroar
83%
722 Rowlet
83%
726 Torracat
81%
728 Popplio
80%
730 Primarina
76%
729 Brionne
74%
733 Toucannon
63%
792 Lunala
61%
731 Pikipek
61%
791 Solgaleo
61%
734 Yungoos
61%
735 Gumshoos
59%
732 Trumbeak
59%
794 Buzzwole
57%
737 Charjabug
56%
736 Grubbin
56%
738 Vikavolt
56%
785 Tapu Koko
54%
790 Cosmoem
52%
798 Kartana
52%
787 Tapu Bulu
52%
788 Tapu Fini
52%
786 Tapu Lele
52%
789 Cosmog
50%
800 Necrozma
50%
761 Bounsweet
48%
799 Guzzlord
48%
745 Lycanroc
48%
795 Pheromosa
46%
778 Mimikyu
44%
797 Celesteela
43%
783 Hakamo-o
43%
782 Jangmo-o
43%
784 Kommo-o
43%
754 Lurantis
43%
793 Nihilego
43%
744 Rockruff
43%
763 Tsareena
43%
742 Cutiefly
39%
780 Drampa
39%
753 Fomantis
39%
774 Minior
39%
749 Mudbray
39%
750 Mudsdale
39%
773 Silvally
39%
777 Togedemaru
39%
772 Type: Null
39%
796 Xurkitree
39%
740 Crabominable
37%
739 Crabrawler
37%
751 Dewpider
37%
741 Oricorio
37%
743 Ribombee
37%
758 Salazzle
37%
752 Araquanid
35%
760 Bewear
35%
757 Salandit
35%
762 Steenee
35%
746 Wishiwashi
35%
781 Dhelmise
33%
747 Mareanie
33%
776 Turtonator
33%
767 Wimpod
33%
779 Bruxish
31%
768 Golisopod
31%
766 Passimian
31%
759 Stufful
31%
748 Toxapex
31%
801 Magearna
30%
764 Comfey
28%
769 Sandygast
28%
775 Komala
26%
770 Palossand
26%
765 Oranguru
24%
755 Morelull
22%
771 Pyukumuku
22%
756 Shiinotic
19%
No matching quizzes found
Score Distribution
Percent of People with Each Score
Percentile by Number Answered
Your Score History
You have not taken this quiz since the last reset